Registro 1ro. a 2do. grado de Educación Básica (Record no. 8568)

MARC details
000 -LEADER
campo de control de longitud fija 00401nam a2200145Ia 4500
001 - NÚMERO DE CONTROL
campo de control 285
008 - DATOS DE LONGITUD FIJA--INFORMACIÓN GENERAL
campo de control de longitud fija 241024s9999 xx 000 0 und d
082 ## - NÚMERO DE LA CLASIFICACIÓN DECIMAL DEWEY
Número de clasificación RD/372/R426r1
100 ## - ENTRADA PRINCIPAL--NOMBRE DE PERSONA
Nombre de persona República Dominicana.Secretaria de Estado de Educación
245 #0 - MENCIÓN DEL TÍTULO
Título Registro 1ro. a 2do. grado de Educación Básica
260 ## - PUBLICACIÓN, DISTRIBUCIÓN, ETC.
Nombre del editor, distribuidor, etc. Santo Domingo
590 ## - NOTA LOCAL (RLIN)
Nota local si
901 ## - ELEMENTOS DE DATOS A LOCAL LDA (RLIN)
a 29/10/2010 11:51:05 a.m.

No items available.

© 2024. Todos los Derechos Reservados. Desarrollado por IDEICE